Metódy a postupy využívané vo výskumných procesoch s aplikáciou na práce obchodnovedného zamerania

Objasnenie vedeckovýskumných metód a ich charakteristika podľa toho v akej etape výskumného procesu sa vyskytujú. Chápanie metód výskumu v užšom zmysle. Etapy výskumného procesu. Klasifikácia charakteru výskumu podľa Clarka, Grinyera a UK Universities, Funding Council. Výber témy.

Salvato in:
Dettagli Bibliografici
Autore principale: Vančíková, Jana
Natura: Capitolo di libro
Lingua:slovacco
Soggetti:
Tags: Aggiungi Tag
Nessun Tag, puoi essere il primo ad aggiungerne!!

MARC

LEADER 00000naa$a2200000$$$4500
001 0117159
005 20240605121612.0
041 0 |a slo 
044 |a SK 
245 1 0 |a Metódy a postupy využívané vo výskumných procesoch s aplikáciou na práce obchodnovedného zamerania  |c Jana Vančíková 
520 |a Objasnenie vedeckovýskumných metód a ich charakteristika podľa toho v akej etape výskumného procesu sa vyskytujú. Chápanie metód výskumu v užšom zmysle. Etapy výskumného procesu. Klasifikácia charakteru výskumu podľa Clarka, Grinyera a UK Universities, Funding Council. Výber témy. 
610 2 0 |a metódy výskumu 
610 2 0 |a vzdelávanie vysokoškolské 
610 2 0 |a veda 
610 2 0 |a experimenty 
100 1 |a Vančíková, Jana